XI Titular Campeones de Copa Sudamericana 2010-2025 - Estadísticas

Estadísticas generales
  • Esta prueba ha sido intentada 104 veces
    15 desde el último reinicio
  • La puntuación promedio es 37 de 180
Estadísticas de respuestas
Hint Respuesta % Correcto
Racing Club 2024 Entrenador Gustavo Costas
73%
Racing Club 2024 Delantero Adrián Martínez
64%
Racing Club 2024 Arquero Gabriel Arias
64%
Liga de Quito 2023 Defensor José Quintero
64%
Racing Club 2024 Volante Juan Fernando Quintero
64%
Racing Club 2024 Delantero Maximiliano Salas
64%
Defensa y Justicia 2020 Volante Enzo Fernández
55%
Independiente del Valle 2022 Delantero Lautaro Díaz
55%
River Plate 2014 Arquero Marcelo Barovero
55%
Universidad de Chile 2011 Volante Marcelo Díaz
55%
River Plate 2014 Entrenador Marcelo Gallardo
55%
Independiente del Valle 2022 Defensor Matías Fernández
55%
Liga de Quito 2023 Arquero Alexander Domínguez
45%
River Plate 2014 Volante Ariel Rojas
45%
Defensa y Justicia 2020 Delantero Braian Romero
45%
Lanús 2013 Defensor Carlos Izquierdoz
45%
Lanús 2025 Defensor Carlos Izquierdoz
45%
River Plate 2014 Volante Carlos Sánchez
45%
Universidad de Chile 2011 Delantero Eduardo Vargas
45%
Racing Club 2024 Defensor Gabriel Rojas
45%
Lanús 2025 Defensor Gonzalo Pérez
45%
Independiente del Valle 2019 Volante Jhon Sánchez
45%
Universidad de Chile 2011 Defensor José Rojas
45%
Lanús 2025 Volante Marcelino Moreno
45%
Independiente 2017 Arquero Martín Campaña
45%
Lanús 2025 Entrenador Mauricio Pellegrino
45%
Liga de Quito 2023 Delantero Paolo Guerrero
45%
River Plate 2014 Defensor Ramiro Funes Mori
45%
River Plate 2014 Delantero Teófilo Gutiérrez
45%
Independiente 2017 Entrenador Ariel Holan
36%
Universidad de Chile 2011 Volante Charles Aránguiz
36%
Lanús 2013 Volante Diego González
36%
Independiente 2017 Delantero Emanuel Gigliotti
36%
Independiente 2017 Volante Esequiel Barco
36%
Defensa y Justicia 2020 Arquero Ezequiel Unsain
36%
Racing Club 2024 Volante Gastón Martirena
36%
Defensa y Justicia 2020 Entrenador Hernán Crespo
36%
Universidad de Chile 2011 Arquero Johnny Herrera
36%
Universidad de Chile 2011 Entrenador Jorge Sampaoli
36%
Lanús 2025 Defensor José Canale
36%
Independiente del Valle 2022 Delantero Junior Sornoza
36%
River Plate 2014 Volante Leonardo Pisculichi
36%
River Plate 2014 Defensor Leonel Vangioni
36%
Sao Paulo 2012 Delantero Lucas Moura
36%
Liga de Quito 2023 Entrenador Luis Zubeldía
36%
River Plate 2014 Delantero Rodrigo Mora
36%
Lanús 2013 Delantero Santiago Silva
36%
Racing Club 2024 Defensor Santiago Sosa
36%
Independiente Santa Fe 2015 Defensor Yerry Mina
36%
Lanús 2013 Arquero Agustín Marchesín
27%
Lanús 2025 Volante Agustín Medina
27%
Independiente 2010 Entrenador Antonio Mohamed
27%
Independiente 2010 Defensor Eduardo Tuzzio
27%
Independiente 2010 Delantero Facundo Parra
27%
Independiente 2017 Defensor Fernando Amorebieta
27%
Independiente Santa Fe 2015 Defensor Francisco Meza
27%
River Plate 2014 Defensor Gabriel Mercado
27%
River Plate 2014 Defensor Germán Pezzella
27%
Lanús 2013 Entrenador Guillermo Barros Schelotto
27%
Independiente 2010 Volante Hernán Fredes
27%
Independiente 2010 Arquero Hilario Navarro
27%
Racing Club 2024 Volante Juan Nardoni
27%
Independiente del Valle 2022 Entrenador Martín Anselmi
27%
Independiente 2017 Defensor Nicolás Tagliafico
27%
Lanús 2013 Defensor Paolo Goltz
27%
Defensa y Justicia 2020 Defensor Rafael Delgado
27%
Independiente 2010 Volante Roberto Battión
27%
Lanús 2025 Delantero Rodrigo Castillo
27%
Sao Paulo 2012 Arquero Rogério Ceni
27%
Athletico Paranaense 2018 Defensor Thiago Heleno
27%
Athletico Paranaense 2021 Defensor Thiago Heleno
27%
Defensa y Justicia 2020 Delantero Walter Bou
27%
Independiente Santa Fe 2015 Delantero Wilson Morelo
27%
Defensa y Justicia 2020 Defensor Adonis Frías
18%
Racing Club 2024 Volante Agustín Almendra
18%
Racing Club 2024 Defensor Agustín García Basso
18%
Lanús 2013 Defensor Carlos Araujo
18%
Independiente Santa Fe 2015 Delantero Daniel Angulo
18%
Universidad de Chile 2011 Volante Eugenio Mena
18%
Liga de Quito 2023 Volante Ezequiel Piovi
18%
Independiente 2017 Defensor Fabricio Bustos
18%
Independiente del Valle 2019 Delantero Gabriel Torres
18%
Independiente Santa Fe 2015 Entrenador Gerardo Pelusso
18%
Universidad de Chile 2011 Delantero Gustavo Canales
18%
River Plate 2014 Volante Leonardo Ponzio
18%
Liga de Quito 2023 Defensor Leonel Quiñónez
18%
Independiente Santa Fe 2015 Volante Luis Manuel Seijas
18%
Independiente del Valle 2022 Delantero Marco Angulo
18%
Independiente 2017 Volante Maximiliano Meza
18%
Lanús 2025 Arquero Nahuel Losada
18%
Independiente del Valle 2019 Defensor Richard Schunke
18%
Independiente del Valle 2022 Defensor Richard Schunke
18%
Independiente Santa Fe 2015 Arquero Róbinson Zapata
18%
Lanús 2025 Defensor Sasha Marcich
18%
Lanús 2013 Volante Víctor Ayala
18%
Lanús 2025 Volante Agustín Cardozo
9%
Independiente 2017 Defensor Alan Franco
9%
Independiente del Valle 2019 Volante Alan Franco Palma
9%
Independiente 2010 Defensor Carlos Matheu
9%
Independiente del Valle 2019 Volante Cristian Pellerano
9%
Independiente del Valle 2022 Volante Cristian Pellerano
9%
Athletico Paranaense 2021 Delantero David Terans
9%
Independiente 2017 Volante Diego Rodríguez Berrini
9%
Lanús 2025 Volante Eduardo Salvio
9%
Independiente del Valle 2019 Volante Efrén Mera
9%
Defensa y Justicia 2020 Volante Eugenio Isnaldo
9%
Defensa y Justicia 2020 Volante Francisco Pizzini
9%
Defensa y Justicia 2020 Volante Franco Paredes
9%
Independiente del Valle 2022 Defensor Jhoanner Chávez
9%
Liga de Quito 2023 Volante Jhojan Julio
9%
Lanús 2013 Volante Jorge Ortiz
9%
Independiente Santa Fe 2015 Volante Juan Daniel Roa
9%
Independiente 2010 Defensor Julián Velázquez
9%
Lanús 2013 Volante Leandro Somoza
9%
Athletico Paranaense 2018 Defensor Léo Pereira
9%
Athletico Paranaense 2018 Volante Luis González
9%
Racing Club 2024 Defensor Marco di Cesare
9%
Universidad de Chile 2011 Defensor Marcos González
9%
Independiente 2017 Volante Martín Benítez
9%
Independiente del Valle 2022 Defensor Mateo Carabajal
9%
Universidad de Chile 2011 Volante Matías Rodríguez
9%
Lanús 2013 Defensor Maximiliano Velázquez
9%
Independiente del Valle 2019 Entrenador Miguel Ángel Ramírez
9%
Independiente del Valle 2022 Arquero Moisés Ramírez
9%
Sao Paulo 2012 Entrenador Ney Franco
9%
Independiente 2017 Volante Nicolás Domingo
9%
Athletico Paranaense 2021 Defensor Nicolás Hernández
9%
Athletico Paranaense 2018 Volante Nikao
9%
Athletico Paranaense 2021 Delantero Nikao
9%
Lanús 2013 Volante Óscar Benítez
9%
Sao Paulo 2012 Delantero Osvaldo
9%
Universidad de Chile 2011 Defensor Osvaldo González
9%
Athletico Paranaense 2021 Defensor Pedro Henrique
9%
Lanús 2025 Volante Ramiro Carrera
9%
Athletico Paranaense 2018 Defensor Renan Lodi
9%
Liga de Quito 2023 Volante Renato Ibarra
9%
Liga de Quito 2023 Defensor Ricardo Ade
9%
Athletico Paranaense 2018 Arquero Santos
9%
Athletico Paranaense 2021 Arquero Santos
9%
Athletico Paranaense 2018 Entrenador Tiago Nunes
9%
Defensa y Justicia 2020 Volante Valentín Larralde
9%
Athletico Paranaense 2021 Volante Abner Vinícius
0%
Athletico Paranaense 2021 Entrenador Alberto Valentim
0%
Independiente del Valle 2019 Defensor Anthony Landázuri
0%
Independiente Santa Fe 2015 Volante Baldomero Perlaza
0%
Sao Paulo 2012 Defensor Bruno Cortés
0%
Athletico Paranaense 2018 Volante Bruno Guimaraes
0%
Independiente del Valle 2019 Volante Cristian Dájome
0%
Sao Paulo 2012 Volante Denilson
0%
Athletico Paranaense 2021 Volante Erick
0%
Liga de Quito 2023 Defensor Facundo Rodríguez
0%
Independiente del Valle 2019 Defensor Fernando León
0%
Universidad de Chile 2011 Delantero Francisco Casto
0%
Defensa y Justicia 2020 Defensor Héctor Martínez
0%
Sao Paulo 2012 Volante Jadson
0%
Athletico Paranaense 2018 Defensor Jonathan
0%
Independiente del Valle 2019 Arquero Jorge Pinos
0%
Athletico Paranaense 2021 Volante Léo Cittadini
0%
Independiente Santa Fe 2015 Defensor Leyvin Balanta
0%
Independiente del Valle 2022 Volante Lorenzo Faravelli
0%
Independiente 2010 Defensor Lucas Mareque
0%
Independiente del Valle 2019 Defensor Luis Segovia
0%
Independiente del Valle 2022 Defensor Luis Segovia
0%
Athletico Paranaense 2018 Volante Marcelo Cirino
0%
Athletico Paranaense 2021 Volante Marcinho
0%
Liga de Quito 2023 Volante Mauricio Martínez
0%
Independiente 2010 Volante Nicolás Cabrera
0%
Independiente 2010 Volante Nicolás Martínez
0%
Athletico Paranaense 2018 Delantero Pablo Felipe
0%
Independiente 2010 Volante Patricio Rodríguez
0%
Sao Paulo 2012 Defensor Paulo Miranda
0%
Sao Paulo 2012 Defensor Rafael Tolói
0%
Athletico Paranaense 2018 Volante Raphael Veiga
0%
Athletico Paranaense 2021 Delantero Renato Kayzer
0%
Sao Paulo 2012 Defensor Rhodolfo
0%
Liga de Quito 2023 Volante Sebastián González
0%
Sao Paulo 2012 Volante Wellington
0%
Sao Paulo 2012 Delantero Willian José
0%
Independiente Santa Fe 2015 Volante Yeison Gordillo
0%
Independiente Santa Fe 2015 Defensor Yulián Anchico
0%
No se encontraron pruebas coincidentes
Distribución de puntuación
Porcentaje de gente con cada puntuación
Porcentaje por número respondido
Historial de tus puntuaciones
No has intentado esta prueba desde el último reinicio